[Event "Flick-SM C"]
[Site "Limhamn"]
[Date "2016.01.24"]
[Round "8"]
[White "Stahl, Lisa"]
[Black "Ng, Agnes"]
[Result "0-1"]
[WhiteElo "1000"]
[BlackElo "1406"]
[WhiteTeam "Vaggeryds SK"]
[BlackTeam "Örgryte SK"]

1.e4 c5 2.Nf3 Nc6 3.Nc3 g6 4.Bc4 Bg7 5.Ng5 e6 6.Nf3 d6 7.h3 Nf6 8.d3 O-O 
9.O-O a6 10.a3 d5 11.Bb3 d4 12.Na4 b6 13.e5 Nd7 14.Bg5 Qc7 15.Qd2 b5 16.
Nxc5 Nxc5 17.Ba2 Nd7 18.Bh6 Ndxe5 19.Nxe5 Qxe5 20.Rae1 Qc7 21.Re4 Bb7 22.
Rh4 Bf6 23.Bg5 Qe7 24.Bxf6 Qxf6 25.Qh6 Qg7 26.c3 Qxh6 27.Rxh6 dxc3 28.bxc3
Ne7 29.Rh4 Rfd8 30.d4 Rac8 31.Rc1 Nd5 32.Bxd5 Bxd5 33.g3 a5 34.Rf4 b4 35.
axb4 axb4 36.Rf6 Rxc3 37.Rxc3 bxc3 38.h4 c2 39.Kh2 c1=Q 40.f3 Qf1 41.f4 
Qg2# 0-1

[Event "Flick-SM C"]
[Site "Limhamn"]
[Date "2016.01.24"]
[Round "8"]
[White "Zarytovskaya, Margo"]
[Black "Moren, Sara"]
[Result "1-0"]
[WhiteElo "1752"]
[BlackElo "1110"]
[WhiteTeam "Västerås SK"]
[BlackTeam "Limhamns SK"]

1.e4 e5 2.Nf3 Nc6 3.d4 exd4 4.Bc4 Nf6 5.O-O d6 6.Nxd4 Bg4 7.f3 Bh5 8.Nc3 
Qd7 9.Nxc6 Qxc6 10.Bb5 Rd8 11.Bxc6+ bxc6 12.Bg5 d5 13.e5 h6 14.Bxf6 gxf6 
15.exf6 Bc5+ 16.Kh1 d4 17.Ne4 Bb6 18.Re1 Rd7 19.Nc5+ Kd8 20.Nxd7 Kxd7 21.
Re7+ Kc8 22.Qd3 Kb8 23.Qa6 Ka8 24.Rae1 Kb8 25.Re8+ Rxe8 26.Rxe8# 1-0